Регионална библиотека "Любен Каравелов" - Русе

Статии, писма, речи (Запис номер 94853)

MARC детайли
000 -Лидер
Контролно поле с фиксирана дължина 02396nam a2200457 c 4500
003 - Код на организацията, давaща контролен номер
Контролно поле BLK
005 - Дата и час на последна редакция
Контролно поле 20180422104939.0
008 - Елементи от данни с фиксирана дължина
fixed length control field 180408b bul|||||r ||||||| ||bul||
010 ## - Наследен системен номер
LC control number KNG00099683000
040 ## - Източник на каталожния запис
Идентификатор на билиотеката - собственик на записа BLK
041 ## - Код за език
Код за езика на текст/звукозапис или на отделно заглавие Български
Код за езика КДБФ Български
080 ## - УДК
Текстов определител УДК Театрална и сценична техника - Осветление, машинно оборудване на сцената, техн. работници и др.
УДК код - определител по УДК 792.02
УДК определител (47+57)
УДК - код + определител 792.02(47+57)
080 ## - УДК
Текстов определител УДК Театрални професии. Театрален говор
УДК код - определител по УДК 792.07
УДК определител (47+57)
УДК - код + определител 792.07(47+57)
100 1# - Редна дума - Автор
Автор Мейерхолд, Всеволод Емилиевич
Авторска отговорност първи автор
R(LIN) 94605
139 ## - Редно поле
Редна дума Мейерхолд, Всеволод Емилиевич
Авторски знак Мед - М 45
245 10 - Сведения за заглавието
Заглавие Статии, писма, речи
Редно поле (дума) Всеволод Емилиевич Мейерхолд; състав. Йосиф Яков Конфорти; прев. от рус. Марта Владимирова Владова.
257 ## - Страна на издаване
Страна на създаване/издаване СССР
260 ## - Област на издателските данни
-- София
Име на издателя, разпространителя и проч. Наука и изкуство
Година на издаване 1984
300 ## - Физическа характеристика
Страници 510 с.
Размери/Мащаб 21 см
380 ## - Жанр
Жанр Изкуство
490 1# - СЕРИИ (Колекции)
Име на серия Библиотека Театър XX век
500 ## - Общи забележки
Забележка Прев. е направен от Статьи, письма, речи и беседы : 2 т. / В. Е. Мейерхольд ; Творческое наследие В. Е. Мейерхольда ; Советский театр. Документы и материалы ; Литературное наследство / А. Чехов, сп. Новый мир, кн. 8, 1961 1 611 тир
600 14 - Име на лице, използвано като предмет
За него / За нея Маяковски, Владимир Владимирович
9 (RLIN) 369960
650 #4 - Допълнително описание по предмет – тема
Основно описание – тема или топоним Театър - Русия - история
9 (RLIN) 302885
650 #4 - Допълнително описание по предмет – тема
Основно описание – тема или топоним Театър - СССР
9 (RLIN) 306106
651 #4 - Допълнително описание по предмет - топоним
Географско понятие Русия
9 (RLIN) 179465
651 #4 - Допълнително описание по предмет - топоним
Географско понятие СССР
9 (RLIN) 179592
653 ## - Ключова дума – ненормативна
Ключова дума театър
653 ## - Ключова дума – ненормативна
Ключова дума статии
653 ## - Ключова дума – ненормативна
Ключова дума писма
653 ## - Ключова дума – ненормативна
Ключова дума речи
653 ## - Ключова дума – ненормативна
Ключова дума коментари
653 ## - Ключова дума – ненормативна
Ключова дума театрална критика
700 1# - Други автори (авторска отговорност)
Лично име Конфорти, Йосиф Яков
Автороска отговорност (Описва отношението между автора и произведението) състав.
9 (RLIN) 306105
700 1# - Други автори (авторска отговорност)
Лично име Владова, Марта Владимирова
Автороска отговорност (Описва отношението между автора и произведението) прев. от рус.
9 (RLIN) 371852
852 ## - Местоположение
Форматна сигнатура Цб 125068
856 4# - Електронен адрес и достъп
Електронен формат pdf - файл
Път до файла /url/
856 4# - Електронен адрес и достъп
Електронен формат pdf - файл
Път до файла /url/
942 ## - АРТИКУЛИ
Вид на библиотечния материал Книги
Скрит в OPAC Не
944 ## - СЪЗДАВАНЕ И РЕДАКЦИЯ на ЗАПИСА
Създаване/Редакция Създаване
Дата на регистрацията/редакция 18.02.2011
Статус, дата на статуса ф / 17.02.2011
Служител, извършил регистрацията/редакцията Наталия_Любомирова
944 ## - СЪЗДАВАНЕ И РЕДАКЦИЯ на ЗАПИСА
Създаване/Редакция Редакция
Дата на регистрацията/редакция 07.04.2017
Статус, дата на статуса ф / 17.02.2011
Служител, извършил регистрацията/редакцията Людмила_Стоянова
999 ## - СИСТЕМНИ КОНТРОЛНИ НОМЕРА
Koha biblionumber 94853
Koha biblioitemnumber 94853
Наличности
Код за отписване Код за изгубен артикул Източник на класификационната схема Код за повреда Коз за рестрикции Код за отдаване Артикулен № Име на библиотеката - собственик Име на библиотеката, в която се намира в момента Статус (Текущо местоположение) Дата на вписване в системата Местоположение - отдел Цена в лева Инвентарен номер Систематично азбучна сигнатура Баркод Номер на екземпляра Цена в евро Служебна бележка Служебен тип на артикула
Изтеглен Не е изгубен Universal Decimal Classification Не е повреден без рестрикции заемане за дома 152162 Регионална библиотека "Любен Каравелов" Русе Регионална библиотека "Любен Каравелов" Русе Отдел Изкуство - подръчен фонд 1984-01-01 Отдел Изкуство - подръчен фонд 5.58 391764 792/М 45 391764 1 2.85 Дост: Pk Вид: Ф N: стар фонд Дата: 01.01.1984 Дата инв: 18.06.2012 Бележки инв: * Книги
Изтеглен Не е изгубен Universal Decimal Classification Не е повреден без рестрикции заемане за дома 152163 Регионална библиотека "Любен Каравелов" Русе Регионална библиотека "Любен Каравелов" Русе Отдел Изкуство - подръчен фонд 1984-01-01 Отдел Изкуство - подръчен фонд 5.58 391765 792/М 45 391765 2 2.85 Дост: Pk Вид: Ф N: стар фонд Дата: 01.01.1984 Дата инв: 05.04.2017 Бележки инв: ИП2017 Книги
  Не е изгубен Universal Decimal Classification Не е повреден само за читалня ползва се в читалня 152164 Регионална библиотека "Любен Каравелов" Русе Регионална библиотека "Любен Каравелов" Русе Хранилище 1984-01-01 Хранилище 5.58 391582 Цб 125068 900000013739 3 2.85 Дост: Dp Вид: Д N: стар фонд Дата: 01.01.1984 Книги
  Не е изгубен Universal Decimal Classification Не е повреден без рестрикции заемане за дома 152165 Регионална библиотека "Любен Каравелов" Русе Регионална библиотека "Любен Каравелов" Русе Отдел Изкуство - подръчен фонд 2016-12-01 Отдел Изкуство - подръчен фонд 6.00 120000806161 792/М 45 120000806161 4 3.07 Дост: DA Вид: А N: 44 Дата: 01.12.2016 Дата инв: 05.04.2017 Бележки инв: ИП2017 Книги
Vip Innovations Ltd, Rousse, Bulgaria 2025